000 00288nam a2200109Ia 4500
001 1264717
005 20260417141948.0
008 260417s9999 xx 000 0 und d
020 _a9786051852737
245 0 _aFerdi ve Şürakası
_cHalit Ziya Uşaklıgil
260 _bEverest Yayınları
999 _c1264717
_d1264717